000 00379 a2200157 4500
001 62578
020 _a9788526260368
040 _cAnchieta - Pituba
100 _aPereira, Manuel da Cunha
240 1 0 _aHistórias de professores e alunos
_lpor
245 1 0 _aHistórias de professores e alunos
300 _a71
362 0 _a2005
650 4 _aLiteratura juvenil
942 _cBK
999 _c62578
_d62578